| 000 | 00706nam a2200241Ia 4500 | ||
|---|---|---|---|
| 003 | GCL | ||
| 005 | 20240530102243.0 | ||
| 008 | 140319s9999 xx 000 0 ara d | ||
| 040 |
_aGCL / _cGCL |
||
| 082 | 0 | 4 |
_a332.672 _bك ت |
| 100 | 1 | _aكامل بكرى | |
| 245 | 1 | 0 |
_aالتمويل الدولى / _cكامل بكرى |
| 260 |
_a[S.N] : _bدار العربى للنشر والتوزيع ، _c1989 |
||
| 300 | _a449 ص | ||
| 650 | 0 | 4 | _aالاستثمار |
| 650 | 0 | 4 | _aالنقود |
| 650 | 0 | 4 | _aراس المال |
| 650 | 0 | 4 | _aالتمويل الدولى |
| 650 | 0 | 4 | _aالتمويل |
| 650 | 0 | 4 | _aالبنوك الدولية |
| 650 | 0 | 4 | _aالتبادل الخارجى |
| 942 |
_2ddc _cBK |
||
| 999 |
_c30933 _d30933 |
||